Reglas de Ulpiano

Uloženo v:
Podrobná bibliografie
Hlavní autor: Ulpiano (autor)
Médium: Kniha
Jazyk:španělština
Vydáno: Madrid Instituto Nacional de Estudios Jurídicos 1946
Edice:Textos Jurídicos Antiguos, 5
Témata:
Tagy: Přidat tag
Žádné tagy, Buďte první, kdo vytvoří štítek k tomuto záznamu!

MARC

LEADER 00000nam a2200000 a 4500
001 UCR2622
003 CL-VaPUC
008 980112e19460000SP |||||||||||||||||spa|d
082 0 4 |a 340.54  |b ULP  |2 21 
100 |a Ulpiano  |e autor  |9 395804 
245 1 0 |a Reglas de Ulpiano 
300 |a 66 p 
942 |c BK 
945 |d 19980112 00:00:00  |a aolguin 
260 |a Madrid  |b Instituto Nacional de Estudios Jurídicos  |c 1946 
600 0 |a Ulpiano  |e autor  |9 395804 
650 0 |a Derecho romano  |9 255930 
650 0 |a Escritos  |9 255895 
650 0 |a Fuentes del derecho   |9 255162 
650 0 |a Personas  |9 255751 
650 0 |a Libertad  |9 255686 
650 0 |a Dote  |9 397660 
650 0 |a Donaciones  |9 371911 
650 0 |a Adopción  |9 255783 
650 7 |a PODER MARITAL  |2 CL-VaPUC  |9 400493 
650 0 |a Tutela  |9 259125 
650 7 |a CURATELA  |2 CL-VaPUC  |9 399178 
650 0 |a Penas   |9 255927 
650 7 |a LEY JULIA  |2 CL-VaPUC  |9 400771 
650 0 |a Adquisición de la propiedad   |9 258291 
650 0 |a Bienes  |9 255749 
650 0 |a Testamento  |9 258220 
650 0 |a Herederos  |9 357054 
650 0 |a Fideicomiso   |9 258680 
650 7 |a SUCESION  |2 CL-VaPUC  |9 375829 
650 0 |a Injurias  |9 398336 
583 |a last modification  |c 19980112 00:00:00  |k Rodrigo Vera 
490 0 |a Textos Jurídicos Antiguos, 5 
999 |c 265755  |d 265753 
952 |0 0  |1 0  |4 0  |6 340_540000000000000_ULP_1946  |7 0  |8 DER_ROM  |9 296825  |a BIBDER  |b BIBDER  |d 2019-11-20  |i 1919954  |o 340.54 ULP 1946  |p 1919954  |r 2023-01-25  |w 2019-11-20  |x Ubicación 4to piso  |y BK_X  |z Este recurso debe solicitarse con anticipación  |k DER 
952 |0 0  |1 0  |4 0  |6 340_540000000000000_ULP_1946  |7 0  |8 X  |9 296826  |a BIBDER  |b BIBDER  |d 2019-11-20  |i 1919903  |o 340.54 ULP 1946  |p 1919903  |r 2023-01-25  |w 2019-11-20  |y BK_X  |k DER